Statistics for Venomous Snakes

Click here to take the quiz!

General Stats

  • This quiz has been taken 58 times
  • The average score is 5 of 10

Answer Stats

QuestionAnswer% Correct
Which of these venomous snakes has the longest fangs in the world?Gaboon Viper
66%
Which of these venomous snakes are rear-fanged?Boomslang
57%
Which of these common pet snakes is very mildly venomous?Hognose Snake
57%
Which of these venomous snakes is NOT native to Australia?Saw-scaled Viper
51%
Venomous snake native to AfricaCape Cobra
49%
Which of these venomous snakes is NOT native to the USA?Eastern Brownsnake
49%
Which snake has venom that can kill 100 adults with 1 bite?Inland Taipan
36%
Which venomous snake is responsible for the most human deaths?Saw-scaled Viper
36%
Which snake has a venom that causes extreme hemorrhaging?Boomslang
32%
Which of these snakes can be easily mistaken for the highly venomous Coral Snake?Scarlet Kingsnake
32%

Score Distribution

Percentile by Number Answered

Percent of People with Each Score

Your Score History

You have not taken this quiz